000 00354nam a2200133Ia 4500
008 240624s9999 xx 000 0 und d
041 _aeng
082 _a658 KIP
100 _aKIPPING MATTHIAS
245 _aOXFORD HANDBOOK OF MANAGEMENT CONSULTING
260 _c2012
_aNew Delhi
_bOxford India
300 _axix, : 558 : p. : cm. ; 25
365 _cRS
_b31
999 _c23390
_d23390